000 00600nam a2200229 a 4500
999 _c2018
_d2018
001 2018
003 BD-JhCC
005 20171029093826.0
008 171028s2007 n a|||| || | 001 0 eng d
020 _a9780886879952
035 _a(BD-JhCC)2018
040 _aBD-JhCC
_dBD-JhCC
041 _aeng
082 _a310
_bWOR 2007
245 _aThe World Almanac and Book of Facts 2007 /
_cWorld Almanac Books
260 _aNew York :
_bWorld Almanac Books,
_c2007
300 _a1008 p. :
_c20 cm.
650 _aAmlnacs America
710 _aWorld Almanac Books
942 _2ddc
_cBK